000 00938nam a2200241 a 4500
001 000022145
005 20200930011612.0
008 100917s2002 dr 001 0 spa d
020 _a8474326710
040 _aDO-SdBNP
_bspa
_cBNPHU
082 _a384.55
_bH673t
245 0 0 _aHistorias de la televisión en América Latina :
_bArgentina, Brasil, Colombia, Chile, México, Venezuela /
_ccoordinador Guillermo Orozco ; N. Mazziotti ... [et al.] presentación Lorenzo Vilches.
260 _aBarcelona :
_bEditorial Gedisa,
_c2002.
300 _a285 p. ;
_c20 cm.
490 1 _aEstudios de televisión
_vno. 15
504 _aBibliografía: 240-244
650 4 _aTelevisión
_zAmérica Latina
_xHistoria
_945842
650 4 _aTelevisión
_xAspecto sociales
_zAmérica Latina
_xHistoria
_945843
700 1 _aMazziotti, N
_ecoor
_945844
700 1 _aVilches, Lorenzo
_945845
830 4 _aEstudios de televisión
_vno. 15
_95765
049 _aBNPD
999 _c21643
_d21643